| 000 | 01964cam a22005654i 4500 | ||
|---|---|---|---|
| 003 | PE-LiUPU | ||
| 005 | 20250731170437.0 | ||
| 008 | 150625s r 000 0 d | ||
| 035 | _a(Sirsi) a32050 | ||
| 040 |
_aPE-LiUPU _bspa _cPE-LiUPU _erda |
||
| 082 | 0 | 4 |
_a172 _bR127e _221 |
| 100 | 1 |
_aRader, Melvin, _eautor. |
|
| 245 | 1 | 0 |
_aEtica y democracia : _blos ideales sociales / _cMelvin Rader, [tradujo, Enrique López Castellón] |
| 264 | 1 |
_aEstella : _bVerbo Divino, _c1975. |
|
| 300 |
_a447 páginas : _c22 cm. |
||
| 336 |
_atext _2rdacontent |
||
| 337 |
_aunmediated _2rdamedia |
||
| 338 |
_avolume _2rdacarrier |
||
| 490 |
_3Hombre y sociedad _v5 |
||
| 504 | _aNotas bibliográficas al pie de algunas páginas. | ||
| 505 | 0 | _aEtica de las leyes: Las leyes de la sociedad, Las leyes de Dios, Las leyes de la naturaleza, Las leyes de la conciencia. - Etica de los ideales: El relativismo, la negacion de todo ideal universal, El grupo y el individuo, El significado del bienestar, La accion social justa. - Ideales sociales:El ideal aristocratico, El ideal democratico, El ideal liberal, el ideal fascista, El ideal socialista. | |
| 526 | _aSEG68 | ||
| 526 | _aSEG70 | ||
| 526 | _aSEG69 | ||
| 526 | _aSEG67 | ||
| 526 | _aSEG43 | ||
| 526 | _aP144 | ||
| 526 | _aP143 | ||
| 526 | _aP131 | ||
| 526 | _aP122 | ||
| 526 | _aP120 | ||
| 526 | _aP117 | ||
| 526 | _aP112 | ||
| 526 | _aP110 | ||
| 526 | _aP106 | ||
| 526 | _aP101 | ||
| 526 | _aP80 | ||
| 526 | _aP59 | ||
| 526 | _aP54 | ||
| 526 | _aP35 | ||
| 526 | _aP33 | ||
| 526 | _aP30 | ||
| 650 | 0 |
_9512 _aÉtica política. |
|
| 650 | 0 |
_9513 _aÉtica social. |
|
| 700 |
_9514 _aLópez Castellón, Enrique. _etraductor. |
||
| 942 |
_2ddc _cBOOK |
||
| 949 |
_a172 R14 _wDEWEY _c1 _i15432 _lCCODEBUL1 _mBUL _p00.00 _r0 _sY _tBOOK _u2015-06-25 _xBIBLIOTECA _zUNKNOWN _0COMPRA _o.STAFF. Colección General |
||
| 999 |
_c39667 _d39667 |
||
| 980 |
_81 _gALBERTO SANCHEZ Responsable de Automatización |
||